[Event "Final 84 Campeonato Argentino"]
[Site "La Plata, ARG"]
[Date "2009.05.21"]
[Round "10"]
[White "Lujan, Carolina"]
[Black "Mareco, Sandro"]
[Result "0-1"]
[WhiteElo "2360"]
[BlackElo "2512"]
[PlyCount "122"]
[EventDate "2009.??.??"]

1. e4 e5 2. Nf3 Nc6 3. Bc4 Bc5 4. c3 Nf6 5. d3 O-O 6. O-O d5 7. exd5 Nxd5 8. h3
Nb6 9. Bb5 Qd5 10. Qb3 Qd6 11. Bxc6 bxc6 12. d4 exd4 13. cxd4 Bxd4 14. Rd1 c5
15. Be3 Bb7 16. Nxd4 Qg6 17. f3 cxd4 18. Bxd4 Rfe8 19. Na3 Bc8 20. f4 Bb7 21.
Rd2 Re4 22. f5 Qxf5 23. Qg3 Qg6 24. Qxg6 hxg6 25. Rc1 Nd5 26. Nb5 Rae8 27. Nc3
Nxc3 28. Rxc3 Re2 29. Rcc2 Rxd2 30. Rxd2 a6 31. Kf2 Bd5 32. a3 c6 33. g3 g5 34.
Re2 Rd8 35. Rd2 f6 36. b4 Kf7 37. a4 Rh8 38. Bc5 Rxh3 39. Re2 Be6 40. Bd6 Rh1
41. Ke3 Rd1 42. Rd2 Ra1 43. a5 Bd5 44. Kd4 Rc1 45. Re2 Be6 46. Rd2 f5 47. Ke3
Bd5 48. Kd3 Ke6 49. Bf8 g6 50. Bc5 Rb1 51. Re2+ Be4+ 52. Kd4 Rd1+ 53. Ke3 Rd3+
54. Kf2 Rf3+ 55. Kg2 Kd5 56. Kh2 Rf1 57. Bg1 Rd1 58. Rb2 g4 59. Rf2 Kc4 60. Rb2
g5 61. b5 cxb5 0-1

[Event "Final 84 Campeonato Argentino"]
[Site "La Plata, ARG"]
[Date "2009.05.21"]
[Round "10"]
[White "Felgaer, Ruben"]
[Black "Slipak, Sergio"]
[Result "1/2-1/2"]
[WhiteElo "2564"]
[BlackElo "2446"]
[PlyCount "109"]
[EventDate "2009.??.??"]

1. e4 e5 2. Nf3 Nc6 3. Bc4 d6 4. d4 Bg4 5. d5 Nce7 6. h3 Bd7 7. Nc3 Nf6 8. Be3
a6 9. a4 g6 10. Qd3 Bg7 11. a5 O-O 12. g4 Kh8 13. Nd2 Nfg8 14. f3 f5 15. g5 Rf7
16. O-O-O h5 17. h4 Nc8 18. Rdf1 Na7 19. f4 Nb5 20. fxe5 Bxe5 21. Nf3 Bg7 22.
Nd4 Nxd4 23. Bxd4 Qf8 24. Re1 Re8 25. exf5 Rxe1+ 26. Rxe1 Bxf5 27. Qd2 Re7 28.
Rf1 Bxd4 29. Qxd4+ Qg7 30. Qa7 Bh3 31. Rd1 Bg4 32. Rf1 Bh3 33. Rh1 Qe5 34. Kb1
Bg2 35. Rg1 Bf3 36. Rf1 Bg2 37. Rg1 Bf3 38. Bd3 Qe3 39. Qxe3 Rxe3 40. Bxg6 Ne7
41. Bd3 Nxd5 42. Kc1 Nxc3 43. bxc3 Kg7 44. Kd2 Re5 45. Rf1 Bd5 46. c4 Be6 47.
Rb1 Bc8 48. Rg1 Bg4 49. Rb1 Bc8 50. Ra1 Bg4 51. Ra3 Bc8 52. Ra2 Bg4 53. Ra3 Bc8
54. Ra4 Bd7 55. Ra1 1/2-1/2

[Event "Final 84 Campeonato Argentino"]
[Site "La Plata, ARG"]
[Date "2009.05.21"]
[Round "10"]
[White "Flores, Diego"]
[Black "Lafuente, Pablo"]
[Result "1-0"]
[WhiteElo "2585"]
[BlackElo "2517"]
[PlyCount "75"]
[EventDate "2009.??.??"]

1. d4 Nf6 2. c4 g6 3. Nc3 Bg7 4. e4 d6 5. g3 O-O 6. Bg2 e5 7. Nge2 Na6 8. O-O
exd4 9. Nxd4 Re8 10. h3 Nc5 11. Re1 Bd7 12. Rb1 Qc8 13. Kh2 a6 14. f4 a5 15. b3
c6 16. Bb2 Qc7 17. Qc2 Rad8 18. Nf3 Nh5 19. Rbd1 Bc8 20. Ba1 Qb6 21. Re2 h6 22.
Rde1 Qc7 23. a3 Qb6 24. Rb1 Qc7 25. b4 axb4 26. axb4 Na6 27. Na2 Bxa1 28. Rxa1
Qe7 29. Rae1 Qc7 30. e5 dxe5 31. Nxe5 Ng7 32. b5 Bf5 33. Qb2 Nc5 34. Nb4 cxb5
35. Nd5 Qd6 36. Qxb5 f6 37. Ng4 Nd7 38. Nxh6+ 1-0

[Event "Final 84 Campeonato Argentino"]
[Site "La Plata, ARG"]
[Date "2009.05.21"]
[Round "10"]
[White "Perez Ponsa, Federico"]
[Black "Claverie, Raul"]
[Result "1/2-1/2"]
[WhiteElo "2389"]
[BlackElo "2374"]
[PlyCount "38"]
[EventDate "2009.??.??"]

1. e4 e6 2. d4 d5 3. Nc3 Nc6 4. Nf3 Nf6 5. e5 Ne4 6. Bd3 Bb4 7. Bd2 Bxc3 8.
bxc3 b6 9. O-O Bb7 10. Re1 Na5 11. Bxe4 dxe4 12. Ng5 Nc4 13. Nxe4 h6 14. Qg4
Qe7 15. Bc1 O-O-O 16. Qe2 Bd5 17. Nd2 Nxd2 18. Bxd2 Qa3 19. Qb5 Bb7 1/2-1/2

[Event "Final 84 Campeonato Argentino"]
[Site "La Plata, ARG"]
[Date "2009.05.22"]
[Round "11"]
[White "Peralta, Fernando"]
[Black "Flores, Diego"]
[Result "0-1"]
[WhiteElo "2559"]
[BlackElo "2585"]
[PlyCount "92"]
[EventDate "2009.??.??"]

1. d4 Nf6 2. c4 c5 3. d5 e6 4. Nc3 exd5 5. cxd5 d6 6. e4 g6 7. f4 Bg7 8. Bb5+
Nfd7 9. Nf3 O-O 10. O-O a6 11. Bd3 b5 12. Kh1 Re8 13. f5 Nf6 14. Bg5 Nbd7 15.
Qd2 gxf5 16. Nh4 fxe4 17. Nf5 exd3 18. Bh6 Re5 19. Nxg7 Ng4 20. Nf5 Nf8 21. Bg5
Qc7 22. Ng3 b4 23. Nce4 f5 24. Nf6+ Nxf6 25. Bxf6 Rxd5 26. Qg5+ Ng6 27. Rae1 d2
28. Re8+ Kf7 29. Rh8 Ke6 30. Qe3+ Ne5 31. Bxe5 Rxe5 32. Re8+ Kd7 33. Rxe5 dxe5
34. Nxf5 Kc6 35. Qe4+ Kb5 36. Qxa8 Bxf5 37. Qd5 Qd7 38. Qxd7+ Bxd7 39. Rd1 Be6
40. b3 c4 41. bxc4+ Kxc4 42. Rxd2 Kc3 43. Rd6 Bxa2 44. Rc6+ Bc4 45. Rc5 e4 46.
Re5 Bd3 0-1

[Event "Final 84 Campeonato Argentino"]
[Site "La Plata, ARG"]
[Date "2009.05.22"]
[Round "11"]
[White "Slipak, Sergio"]
[Black "Alonso, Salvador"]
[Result "1/2-1/2"]
[WhiteElo "2446"]
[BlackElo "2489"]
[PlyCount "23"]
[EventDate "2009.??.??"]

1. d4 d5 2. c4 c6 3. Nf3 Nf6 4. Qc2 g6 5. Bf4 Bg7 6. e3 O-O 7. Nc3 c5 8. dxc5
Qa5 9. Rd1 dxc4 10. Bxc4 Qxc5 11. Qb3 Nc6 12. Qb5 1/2-1/2

[Event "Final 84 Campeonato Argentino"]
[Site "La Plata, ARG"]
[Date "2009.05.22"]
[Round "11"]
[White "Lafuente, Pablo"]
[Black "Felgaer, Ruben"]
[Result "1/2-1/2"]
[WhiteElo "2517"]
[BlackElo "2564"]
[PlyCount "98"]
[EventDate "2009.??.??"]

1. d4 d5 2. c4 c6 3. Nf3 Nf6 4. Nc3 dxc4 5. a4 Bf5 6. Ne5 Nbd7 7. Nxc4 Nb6 8.
Ne5 a5 9. g3 e6 10. Bg2 Bb4 11. O-O O-O 12. e3 h6 13. Qe2 Bh7 14. Rd1 Nfd7 15.
Nd3 Qe7 16. f4 Rfd8 17. Ne4 f6 18. b3 Nd5 19. Bb2 c5 20. Nxb4 cxb4 21. Nf2 Rac8
22. Rdc1 Qd6 23. e4 Nc3 24. Qe3 e5 25. Bxc3 bxc3 26. dxe5 fxe5 27. Rxc3 exf4
28. gxf4 Rxc3 29. Qxc3 Qxf4 30. Rd1 Rf8 31. Rxd7 Qxf2+ 32. Kh1 Qf6 33. Qxf6
gxf6 34. Rxb7 Rc8 35. Bf3 Rc2 36. Kg1 Bg6 37. Rb5 Bf7 38. Rxa5 Bxb3 39. Ra7 Ra2
40. a5 Bc4 41. Bg4 Kh8 42. Bf5 Kg8 43. Rc7 Bf7 44. Rc5 Kf8 45. Rc8+ Ke7 46.
Rc7+ Ke8 47. Ra7 Bc4 48. h3 Kd8 49. Rd7+ Ke8 1/2-1/2

[Event "Final 84 Campeonato Argentino"]
[Site "La Plata, ARG"]
[Date "2009.05.22"]
[Round "11"]
[White "Claverie, Raul"]
[Black "Lujan, Carolina"]
[Result "1-0"]
[WhiteElo "2374"]
[BlackElo "2360"]
[PlyCount "99"]
[EventDate "2009.??.??"]

1. e4 c5 2. c3 d5 3. d3 Nc6 4. Nf3 e5 5. Nbd2 d4 6. Nc4 f6 7. Qb3 Rb8 8. a4 Be6
9. a5 Nge7 10. cxd4 cxd4 11. Qb5 a6 12. Qa4 Nc8 13. Bd2 Nd6 14. Nb6 Be7 15. Be2
O-O 16. Bd1 Kh8 17. Bb3 Bg4 18. Nh4 f5 19. Nxf5 Nxf5 20. exf5 Bxf5 21. Bc4 e4
22. dxe4 Bxe4 23. O-O Ne5 24. Rfe1 Bc6 25. Qb3 Bd6 26. f4 Nxc4 27. Nxc4 Bxf4
28. Bxf4 Rxf4 29. Ne5 Bd5 30. Qg3 Rf5 31. h4 Rc8 32. Rac1 Rxc1 33. Rxc1 Kg8 34.
Ng4 Kh8 35. Ne5 Kg8 36. Ng4 Kh8 37. Rc7 Rf7 38. Rc5 Bc6 39. Ne5 Rf6 40. h5 Qe8
41. b4 Qxh5 42. Ng4 Qe8 43. Nxf6 gxf6 44. Qf4 Qd8 45. Rc4 d3 46. Rd4 Qe7 47.
Kh2 Kg7 48. Rxd3 Be4 49. Qg4+ Kf8 50. Qc8+ 1-0

[Event "Final 84 Campeonato Argentino"]
[Site "La Plata, ARG"]
[Date "2009.05.22"]
[Round "11"]
[White "Orsini, Antonio"]
[Black "Perez Ponsa, Federico"]
[Result "0-1"]
[WhiteElo "2352"]
[BlackElo "2389"]
[PlyCount "90"]
[EventDate "2009.??.??"]

1. e4 c5 2. Nf3 d6 3. d4 cxd4 4. Nxd4 Nf6 5. Nc3 a6 6. Bc4 e6 7. Bb3 Nbd7 8.
Bg5 Qa5 9. Qd2 Be7 10. O-O-O h6 11. Bxf6 Bxf6 12. Rhe1 Qc7 13. Bxe6 fxe6 14.
Nxe6 Qc6 15. Nd5 Kf7 16. Nec7 Ra7 17. Qf4 b5 18. Nxf6 Nxf6 19. Rxd6 Qxc7 20. e5
Re8 21. Re3 Re6 22. Red3 Qc4 23. Qe3 Rc7 24. Rc3 Qf1+ 25. Rd1 Rxc3 26. Qxc3 Qc4
27. Qxc4 bxc4 28. exf6 Kxf6 29. Rd4 c3 30. bxc3 Re2 31. Rf4+ Kg5 32. Rf7 Bf5
33. Rxg7+ Kf6 34. Rb7 Rxc2+ 35. Kd1 Rxa2 36. Rb6+ Kg5 37. f4+ Kh5 38. h3 Rxg2
39. Rxa6 Bxh3 40. c4 Rg6 41. Ra3 Kg4 42. Ke2 Bg2 43. c5 h5 44. Kf2 Kxf4 45.
Ra4+ Be4 0-1